[Event "Verbandsliga MV 2014-15"]
[Site "Mecklenburg-Vorpommern"]
[Date "2014.09.21"]
[Round "1.6"]
[White "Celmer, Ole"]
[Black "Massloch, Philipp"]
[Result "1-0"]
[WhiteElo "1912"]
[BlackElo "1639"]
[PlyCount "39"]
[EventType "team-tourn"]
[EventRounds "9"]
[WhiteTeam "SSC Rostock 07  II"]
[BlackTeam "SAV Torgelow-Droegeheide 90"]

1. e4 c5 2. c3 d5 3. exd5 Qxd5 4. d4 Nc6 5. Nf3 Nf6 6. Na3 a6 7. Bc4 Qe4+ 8.
Be3 cxd4 9. Bxf7+ Kd8 10. Nxd4 Nxd4 11. Qxd4+ Qxd4 12. Bxd4 e6 13. Nc4 Ke7 14.
Ne5 g6 15. Rd1 Nh5 16. Bxg6 Ng7 17. Be4 Rb8 18. O-O Ke8 19. Ng4 Kf7 20. Be5 1-0

[Event "Verbandsliga MV 2014-15"]
[Site "Mecklenburg-Vorpommern"]
[Date "2014.09.21"]
[Round "1.7"]
[White "Balz, Christian"]
[Black "Schumann, Rabea"]
[Result "0-1"]
[WhiteElo "1613"]
[BlackElo "1809"]
[PlyCount "128"]
[EventType "team-tourn"]
[EventRounds "9"]
[WhiteTeam "SAV Torgelow-Droegeheide 90"]
[BlackTeam "SSC Rostock 07  II"]

1. e4 c6 2. Nf3 d5 3. exd5 cxd5 4. d4 Nc6 5. c3 Nf6 6. Bd3 Bg4 7. O-O e6 8. Bg5
Be7 9. Bxf6 Bxf6 10. Nbd2 Bh5 11. Qa4 O-O 12. Rae1 a6 13. Qc2 Bg6 14. Bxg6 hxg6
15. Nb3 b6 16. Qd2 Qc7 17. Re2 Rfd8 18. Rfe1 Rac8 19. Qd3 b5 20. Nc5 Qb6 21.
Nxe6 fxe6 22. Rxe6 Qc7 23. Qxg6 Qf7 24. Qf5 Ne7 25. Qd3 Rc6 26. R6e2 Qg6 27.
Qd2 Nf5 28. Ne5 Bxe5 29. Rxe5 Rcd6 30. Qf4 Rf6 31. Qd2 Nh4 32. Rg5 Qf7 33. Rge5
Ng6 34. R5e2 Rf8 35. f3 Rd8 36. Qg5 Qd7 37. Qg3 Kf7 38. Qg5 Qf5 39. Qg3 Qf4 40.
Qf2 Qd6 41. g3 Qc6 42. Qe3 Rdd6 43. Kg2 Rde6 44. Qxe6+ Rxe6 45. Rxe6 Qxe6 46.
Rxe6 Kxe6 47. b4 Kf5 48. Kf2 Ne7 49. Ke3 Nc8 50. Kd3 Nb6 51. Ke3 Nc4+ 52. Kd3
g5 53. h3 Nb2+ 54. Kc2 Nc4 55. Kd3 Nd6 56. Ke3 Kf6 57. Ke2 Nf5 58. Kf2 Kg6 59.
g4 Nd6 60. Ke3 Kf6 61. Ke2 Nf7 62. Ke3 Nh8 63. f4 gxf4+ 64. Kxf4 Ng6+ 0-1

[Event "Verbandsliga MV 2014-15"]
[Site "Mecklenburg-Vorpommern"]
[Date "2014.09.21"]
[Round "1.8"]
[White "Hodl, Ingolf"]
[Black "Troemer, Felix"]
[Result "1-0"]
[WhiteElo "1932"]
[BlackElo "1461"]
[PlyCount "125"]
[EventType "team-tourn"]
[EventRounds "9"]
[WhiteTeam "SSC Rostock 07  II"]
[BlackTeam "SAV Torgelow-Droegeheide 90"]

1. e4 d5 2. exd5 Qxd5 3. Nc3 Qa5 4. d4 c6 5. Bc4 Nf6 6. Nge2 Bf5 7. Bd2 Nbd7 8.
O-O e6 9. Bb3 Qc7 10. Bf4 Bd6 11. Bxd6 Qxd6 12. Ng3 Bg6 13. Kh1 O-O-O 14. Nce2
h5 15. h4 Ng4 16. Qd2 Bf5 17. Qf4 Qe7 18. Qg5 f6 19. Nxf5 exf5 20. Qd2 g5 21.
Ng1 Nc5 22. Qa5 Qd6 23. Nf3 Nd7 24. Qxf5 gxh4 25. Rae1 Kb8 26. Re6 Qc7 27. Kg1
Nb6 28. c4 Rxd4 29. Rfe1 Rdd8 30. Re7 Rd7 31. Re8+ Rxe8 32. Rxe8+ Rd8 33. Qxh5
Rxe8 34. Qxe8+ Nc8 35. c5 Qf4 36. Qe1 h3 37. Qd2 h2+ 38. Kh1 Qxd2 39. Nxd2
Nxf2+ 40. Kxh2 Nd3 41. Ne4 f5 42. Ng3 Nxc5 43. Nxf5 Nxb3 44. axb3 Kc7 45. g4
Kd7 46. Kg3 Ne7 47. Kf4 Ng6+ 48. Ke4 b6 49. Ng7 a5 50. Kf5 Nh4+ 51. Kf6 b5 52.
Nf5 Nf3 53. g5 Nxg5 54. Kxg5 c5 55. Kf4 Kc6 56. Ke4 a4 57. bxa4 bxa4 58. Kd3
Kb5 59. Kc3 a3 60. bxa3 Ka4 61. Kb2 c4 62. Ne3 c3+ 63. Ka2 1-0

[Event "Verbandsliga MV 2014-15"]
[Site "Mecklenburg-Vorpommern"]
[Date "2014.09.21"]
[Round "1.1"]
[White "Moeller, Peter"]
[Black "Hornych, Christoph"]
[Result "1/2-1/2"]
[WhiteElo "2001"]
[BlackElo "2095"]
[PlyCount "23"]
[EventType "team-tourn"]
[EventRounds "9"]
[WhiteTeam "HSG Uni Rostock"]
[BlackTeam "SF Ostsee Warnemuende"]

1. d4 Nf6 2. Bf4 d5 3. e3 c6 4. Nf3 e6 5. c3 Be7 6. Ne5 Nbd7 7. Nd2 O-O 8. Bd3
Ne8 9. h4 f6 10. Qh5 f5 11. Qe2 Nxe5 12. dxe5 1/2-1/2

[Event "Verbandsliga MV 2014-15"]
[Site "Mecklenburg-Vorpommern"]
[Date "2014.09.21"]
[Round "1.2"]
[White "Ruesch, Hans Joachim"]
[Black "Hammel, Ralf"]
[Result "1/2-1/2"]
[WhiteElo "1976"]
[BlackElo "1965"]
[PlyCount "20"]
[EventType "team-tourn"]
[EventRounds "9"]
[WhiteTeam "SF Ostsee Warnemuende"]
[BlackTeam "HSG Uni Rostock"]

1. d4 Nf6 2. c4 c5 3. d5 e6 4. Nc3 exd5 5. cxd5 Bd6 6. e4 Bc7 7. Nf3 d6 8. Bb5+
Bd7 9. O-O O-O 10. a4 Bg4 1/2-1/2

[Event "Verbandsliga MV 2014-15"]
[Site "Mecklenburg-Vorpommern"]
[Date "2014.09.21"]
[Round "1.3"]
[White "Kutschke, Peter"]
[Black "Schumacher, Dirk"]
[Result "1-0"]
[WhiteElo "1941"]
[BlackElo "1955"]
[PlyCount "77"]
[EventType "team-tourn"]
[EventRounds "9"]
[WhiteTeam "HSG Uni Rostock"]
[BlackTeam "SF Ostsee Warnemuende"]

1. e4 c5 2. c4 d6 3. Ne2 f5 4. d4 Nf6 5. exf5 Bxf5 6. Nbc3 Nc6 7. a3 Qa5 8. Be3
e5 9. d5 Nd4 10. Rc1 O-O-O 11. Ng3 Bg4 12. f3 Bd7 13. Bd3 h5 14. Nge4 Nxe4 15.
Bxe4 Be7 16. O-O g5 17. Rf2 Rdg8 18. b4 Qd8 19. bxc5 dxc5 20. Nb5 g4 21. Bxd4
exd4 22. Nxa7+ Kb8 23. Nc6+ Bxc6 24. dxc6 Bd6 25. Rb2 Rg7 26. Rcb1 Qh4 27.
Rxb7+ Kc8 28. Bf5+ Kd8 29. Rb8+ Ke7 30. Qe2+ Kf6 31. Qe6+ Kg5 32. Qxd6 Rxb8 33.
f4+ Kxf5 34. Qe5+ Kg6 35. Rxb8 Re7 36. Rg8+ Kh6 37. Rh8+ Rh7 38. Qe6+ Kg7 39.
Rg8# 1-0

[Event "Verbandsliga MV 2014-15"]
[Site "Mecklenburg-Vorpommern"]
[Date "2014.09.21"]
[Round "1.4"]
[White "Hamann, Dirk"]
[Black "Giese, Guido"]
[Result "1/2-1/2"]
[WhiteElo "1892"]
[BlackElo "1911"]
[PlyCount "64"]
[EventType "team-tourn"]
[EventRounds "9"]
[WhiteTeam "SF Ostsee Warnemuende"]
[BlackTeam "HSG Uni Rostock"]

1. e4 c5 2. Nf3 g6 3. d4 cxd4 4. Nxd4 Nc6 5. Nc3 Bg7 6. Be3 Nf6 7. Be2 O-O 8.
O-O d5 9. exd5 Nxd5 10. Nxc6 bxc6 11. Nxd5 cxd5 12. c3 Qd7 13. Qb3 Bb7 14. Bf3
Bc6 15. Rfd1 e6 16. Rd2 Rfb8 17. Qd1 Qc7 18. Rc1 h5 19. b3 Rc8 20. c4 dxc4 21.
Rxc4 Bxf3 22. Qxf3 Qe5 23. g3 Rab8 24. Rcd4 Qf6 25. Qxf6 Bxf6 26. Rd7 a5 27.
Ra7 Ra8 28. Rdd7 Rxa7 29. Rxa7 Bd8 30. Kg2 Kf8 31. Rd7 Ke8 32. Rd2 Ra8 1/2-1/2

[Event "Verbandsliga MV 2014-15"]
[Site "Mecklenburg-Vorpommern"]
[Date "2014.09.21"]
[Round "1.5"]
[White "Schwetlick, Thomas"]
[Black "Wolke, Heiko"]
[Result "0-1"]
[WhiteElo "1853"]
[BlackElo "1950"]
[PlyCount "100"]
[EventType "team-tourn"]
[EventRounds "9"]
[WhiteTeam "HSG Uni Rostock"]
[BlackTeam "SF Ostsee Warnemuende"]

1. e4 c6 2. d4 d5 3. Nc3 dxe4 4. Nxe4 Nf6 5. Nxf6+ exf6 6. c3 Bd6 7. Bd3 O-O 8.
Ne2 Qc7 9. Qc2 Re8 10. Bxh7+ Kf8 11. Be3 b5 12. O-O-O b4 13. c4 b3 14. axb3 Na6
15. c5 Be7 16. Qc3 Qb7 17. Ng3 Nb4 18. Bb1 Be6 19. Bd2 Rab8 20. Qf3 Bxb3 21.
Qh5 Bd8 22. Nf5 Kg8 23. Nd6 g6 24. Nxb7 gxh5 25. Nd6 Bxd1 26. Nxe8 Bb3 27. Nd6
Na2+ 28. Bxa2 Bxa2 29. Re1 Be6 30. Re3 Rb3 31. Rxb3 Bxb3 32. Nb7 Bc7 33. h4 Kg7
34. Ba5 Bf4+ 35. Bd2 Bc7 36. g3 f5 37. Bc3 Kf8 38. Bd2 Ke7 39. Na5 Bd5 40. Kc2
Ke6 41. Kd3 f4 42. Be1 fxg3 43. fxg3 Kf5 44. Nc4 Bxc4+ 45. Kxc4 Ke4 46. Bd2
Bxg3 47. Bg5 Bf2 48. Bf6 Kf5 49. Bd8 Ke6 50. b4 a6 0-1

[Event "Verbandsliga MV 2014-15"]
[Site "Mecklenburg-Vorpommern"]
[Date "2014.09.21"]
[Round "1.6"]
[White "Birnbaum, Wolf Dieter"]
[Black "Sager, Bernd"]
[Result "1/2-1/2"]
[WhiteElo "1784"]
[BlackElo "1697"]
[PlyCount "52"]
[EventType "team-tourn"]
[EventRounds "9"]
[WhiteTeam "SF Ostsee Warnemuende"]
[BlackTeam "HSG Uni Rostock"]

1. Nf3 Nf6 2. g3 c5 3. Bg2 Nc6 4. d4 d5 5. O-O e6 6. c4 cxd4 7. Qa4 Bd7 8. cxd5
Nxd5 9. Nxd4 Qf6 10. Nxc6 Bxc6 11. Qb3 Be7 12. e4 Nb6 13. Nc3 O-O 14. a4 Nd7
15. Be3 Ne5 16. f3 Rad8 17. Bxa7 Rd3 18. Rad1 Rfd8 19. Rxd3 Rxd3 20. Qc2 Rd8
21. Qe2 Bb4 22. f4 Ng6 23. Qc2 Qe7 24. Na2 Rd2 25. Qc1 Ba5 26. Bc5 Qd8 1/2-1/2

[Event "Verbandsliga MV 2014-15"]
[Site "Mecklenburg-Vorpommern"]
[Date "2014.09.21"]
[Round "1.7"]
[White "Hantel, Thomas"]
[Black "Schmidt, Reinhard"]
[Result "1/2-1/2"]
[WhiteElo "1693"]
[BlackElo "1815"]
[PlyCount "31"]
[EventType "team-tourn"]
[EventRounds "9"]
[WhiteTeam "HSG Uni Rostock"]
[BlackTeam "SF Ostsee Warnemuende"]

1. d4 Nf6 2. c4 e5 3. dxe5 Ng4 4. Nf3 Nc6 5. Nc3 Ngxe5 6. Nxe5 Nxe5 7. e3 d6 8.
Be2 Be7 9. O-O O-O 10. b3 Bf6 11. Bb2 Re8 12. Qc2 Nc6 13. Nd5 Bxb2 14. Qxb2 Ne7
15. Nxe7+ Qxe7 16. Bf3 1/2-1/2

[Event "Verbandsliga MV 2014-15"]
[Site "Mecklenburg-Vorpommern"]
[Date "2014.09.21"]
[Round "1.8"]
[White "Feindura, Rene"]
[Black "Ernst, Mathias"]
[Result "1-0"]
[WhiteElo "1846"]
[BlackElo "1630"]
[PlyCount "103"]
[EventType "team-tourn"]
[EventRounds "9"]
[WhiteTeam "SF Ostsee Warnemuende"]
[BlackTeam "HSG Uni Rostock"]

1. e4 c5 2. Nf3 Nc6 3. d4 cxd4 4. Nxd4 d6 5. Nc3 Nf6 6. Be2 e6 7. O-O Be7 8.
Be3 O-O 9. Kh1 a6 10. f4 d5 11. exd5 Nxd5 12. Nxd5 Qxd5 13. Bf3 Qd7 14. Nxc6
bxc6 15. Qxd7 Bxd7 16. Rad1 Be8 17. Bd4 a5 18. a4 Rb8 19. b3 c5 20. Be5 Rb4 21.
Bc7 c4 22. Bxa5 Rb8 23. Rb1 f6 24. Bg4 Kf7 25. Rfe1 f5 26. Be2 cxb3 27. cxb3
Bd6 28. Bc4 Bd7 29. Rbd1 Ke7 30. Bc3 Bxf4 31. Bxg7 Rfc8 32. Rxd7+ Kxd7 33.
Bxe6+ Kc7 34. Bxc8 Rxc8 35. Be5+ Bxe5 36. Rxe5 Kd6 37. Re1 Rc3 38. Rb1 Kc5 39.
Kg1 Rc2 40. h3 Kb4 41. Rf1 Kxb3 42. Rxf5 Rc7 43. a5 Kc4 44. Kf2 Kd4 45. a6 Ra7
46. Rh5 Rxa6 47. Rxh7 Rf6+ 48. Kg3 Rg6+ 49. Kh2 Ke4 50. Rf7 Ke5 51. g4 Rb6 52.
Kg3 1-0

[Event "Verbandsliga MV 2014-15"]
[Site "Mecklenburg-Vorpommern"]
[Date "2014.10.26"]
[Round "2.1"]
[White "Ispirjan, Mikael"]
[Black "Seiler, Dirk"]
[Result "1/2-1/2"]
[WhiteElo "1980"]
[BlackElo "2116"]
[PlyCount "53"]
[EventType "team-tourn"]
[EventRounds "9"]
[WhiteTeam "SAV Torgelow-Droegeheide 90"]
[BlackTeam "SG Güstrow/Teterow"]

1. e4 e6 2. d4 d5 3. Nc3 Bb4 4. e5 c5 5. a3 Bxc3+ 6. bxc3 Qc7 7. Qg4 Ne7 8.
Qxg7 Rg8 9. Qxh7 cxd4 10. Ne2 Nbc6 11. f4 dxc3 12. Qd3 Bd7 13. Qxc3 Nf5 14. g4
Rxg4 15. Bh3 Rg8 16. Bxf5 exf5 17. Be3 Rc8 18. Rd1 d4 19. Bxd4 Nxd4 20. Qxd4
Bb5 21. Rg1 Rxg1+ 22. Qxg1 Bxe2 23. Qg8+ Ke7 24. Qg5+ Ke8 25. Qg8+ Ke7 26. Qg5+
Ke8 27. Qg8+ 1/2-1/2

[Event "Verbandsliga MV 2014-15"]
[Site "Mecklenburg-Vorpommern"]
[Date "2014.10.26"]
[Round "2.2"]
[White "Dettmann, Gerd"]
[Black "Schmekel, Florian"]
[Result "1-0"]
[WhiteElo "2139"]
[BlackElo "1795"]
[PlyCount "71"]
[EventType "team-tourn"]
[EventRounds "9"]
[WhiteTeam "SG Güstrow/Teterow"]
[BlackTeam "SAV Torgelow-Droegeheide 90"]

1. e4 c5 2. Nc3 Nc6 3. Bb5 g6 4. Bxc6 bxc6 5. d3 Bg7 6. Nf3 d6 7. O-O Nh6 8.
Bg5 f6 9. Bxh6 Bxh6 10. d4 cxd4 11. Qxd4 Be6 12. Qa4 Qb6 13. Nd5 Bxd5 14. exd5
O-O 15. Rfe1 cxd5 16. Rxe7 Rf7 17. Rxf7 Kxf7 18. Qd7+ Kg8 19. Qe6+ Kh8 20. Qxd5
Rc8 21. Re1 Qxb2 22. g3 Qxc2 23. Re7 Qb1+ 24. Kg2 Rf8 25. Rxa7 Qb2 26. Qxd6 Bg7
27. Nd4 Qb1 28. Qe7 Rg8 29. Nf3 Qc2 30. a4 g5 31. h3 h5 32. Qf7 Qh7 33. Qd5 g4
34. hxg4 hxg4 35. Nh4 Re8 36. Qf7 1-0

[Event "Verbandsliga MV 2014-15"]
[Site "Mecklenburg-Vorpommern"]
[Date "2014.10.26"]
[Round "2.3"]
[White "Zentgraf, Robert"]
[Black "Waschk, Armin"]
[Result "1/2-1/2"]
[WhiteElo "2115"]
[BlackElo "2086"]
[PlyCount "72"]
[EventType "team-tourn"]
[EventRounds "9"]
[WhiteTeam "SAV Torgelow-Droegeheide 90"]
[BlackTeam "SG Güstrow/Teterow"]

1. d4 Nf6 2. c4 e6 3. g3 Bb4+ 4. Bd2 Qe7 5. Bg2 O-O 6. Nc3 Nc6 7. a3 Bxc3 8.
Bxc3 d5 9. Nf3 Ne4 10. O-O Nxc3 11. bxc3 Bd7 12. Nd2 dxc4 13. Nxc4 Rad8 14. Qb3
b6 15. f4 b5 16. Ne5 Nxe5 17. fxe5 Qg5 18. Rf4 c5 19. Raf1 Rc8 20. Be4 a6 21.
Qb1 g6 22. Qd3 cxd4 23. cxd4 Bc6 24. Bxc6 Rxc6 25. Rf6 Rc1 26. h4 Rxf1+ 27.
Rxf1 Qh5 28. Rf3 g5 29. Qe3 gxh4 30. Qf4 h3 31. g4 Qg6 32. Rxh3 Kh8 33. Rh6 Qg7
34. Kf2 Rd8 35. Rf6 Kg8 36. Ke3 Rc8 1/2-1/2

[Event "Verbandsliga MV 2014-15"]
[Site "Mecklenburg-Vorpommern"]
[Date "2014.10.26"]
[Round "2.4"]
[White "Luther, Alexander"]
[Black "Lehmann, Ruben"]
[Result "1/2-1/2"]
[WhiteElo "1928"]
[BlackElo "1850"]
[PlyCount "69"]
[EventType "team-tourn"]
[EventRounds "9"]
[WhiteTeam "SG Güstrow/Teterow"]
[BlackTeam "SAV Torgelow-Droegeheide 90"]

1. e4 c6 2. Nf3 d5 3. exd5 cxd5 4. Ne5 Nc6 5. d4 Nf6 6. Bb5 Qb6 7. c4 dxc4 8.
Nc3 e6 9. Qf3 Bd7 10. Nxd7 Nxd7 11. O-O Bd6 12. d5 Nde5 13. Qe2 exd5 14. Be3 d4
15. Bxd4 Qxd4 16. Rad1 Qf4 17. Bxc6+ bxc6 18. Rxd6 O-O 19. Qd2 Qxd2 20. Rxd2
Rfd8 21. Rfd1 Rd3 22. Rxd3 cxd3 23. f4 Ng6 24. g3 Rd8 25. Ne4 Rd4 26. Nc5 Rc4
27. Nxd3 Rc2 28. Rc1 Rd2 29. Rc3 Ne7 30. Rb3 g6 31. Ne5 Rd1+ 32. Kf2 Rd2+ 33.
Kg1 Rd1+ 34. Kf2 Rd2+ 35. Kg1 1/2-1/2

[Event "Verbandsliga MV 2014-15"]
[Site "Mecklenburg-Vorpommern"]
[Date "2014.10.26"]
[Round "2.5"]
[White "Ehlers, Michael"]
[Black "Dettmann, Holger"]
[Result "1-0"]
[WhiteElo "1878"]
[BlackElo "1905"]
[PlyCount "148"]
[EventType "team-tourn"]
[EventRounds "9"]
[WhiteTeam "SAV Torgelow-Droegeheide 90"]
[BlackTeam "SG Güstrow/Teterow"]

1. e4 d6 2. d4 c6 3. Nf3 Qc7 4. Bf4 Bg4 5. Be2 Bxf3 6. Bxf3 e5 7. Bg3 Nf6 8. c3
Be7 9. Qd3 Nbd7 10. Nd2 O-O 11. O-O a6 12. Rfd1 b5 13. Nf1 Rfd8 14. Ne3 g6 15.
h3 Nf8 16. Rac1 c5 17. dxe5 dxe5 18. Qe2 c4 19. Nd5 Nxd5 20. Rxd5 f6 21. Rcd1
Rxd5 22. Rxd5 Rd8 23. Qd2 Kg7 24. Rxd8 Bxd8 25. Qd5 Be7 26. a4 bxa4 27. Be2 Qc5
28. Bxc4 Qxd5 29. exd5 a5 30. Bb5 a3 31. bxa3 Bxa3 32. f3 Kf7 33. Bf2 Ke7 34.
Kf1 Nd7 35. Ke2 Bc5 36. Be1 Bb6 37. Kd2 Nc5 38. Kc2 Kd6 39. c4 f5 40. Bh4 Nb7
41. Bg5 Bd4 42. Bh6 Ke7 43. Bc6 Nc5 44. Bd2 a4 45. Bb4 Kf6 46. Kb1 e4 47. fxe4
fxe4 48. Kc2 Ke5 49. Kd1 g5 50. Ke2 h5 51. Be8 h4 52. Ba3 Nd3 53. Bxa4 Nf4+ 54.
Kf1 e3 55. Bd1 Nd3 56. Be7 Nc5 57. Bg4 Ne4 58. d6 Nxd6 59. Bxg5 Nxc4 60. Bxh4
Nd2+ 61. Ke2 Ne4 62. Be1 Bc3 63. Bxc3+ Nxc3+ 64. Kxe3 Ne4 65. Bc8 Nd6 66. Bd7
Kf6 67. Kf4 Ke7 68. Bc6 Nf7 69. Bd5 Nh8 70. Kg5 Kf8 71. Kh6 Ke7 72. g4 Kf6 73.
g5+ Kf5 74. h4 Ng6 1-0

[Event "Verbandsliga MV 2014-15"]
[Site "Mecklenburg-Vorpommern"]
[Date "2014.10.26"]
[Round "2.6"]
[White "Kiel, Bernd"]
[Black "Bauer, Norbert"]
[Result "1-0"]
[WhiteElo "1896"]
[BlackElo "1957"]
[PlyCount "57"]
[EventType "team-tourn"]
[EventRounds "9"]
[WhiteTeam "SG Güstrow/Teterow"]
[BlackTeam "SAV Torgelow-Droegeheide 90"]

1. e4 c5 2. c3 g6 3. d4 cxd4 4. cxd4 d5 5. e5 Nc6 6. Nc3 Bg7 7. Nf3 Bg4 8. Be2
Qd7 9. h3 Bxf3 10. Bxf3 f6 11. e6 Qxe6+ 12. Be3 Rd8 13. Qb3 Nxd4 14. Qa4+ Nc6
15. O-O-O Nh6 16. Bxd5 Qc8 17. Bxa7 Nf7 18. Bb6 Rd7 19. Rde1 Nfd8 20. Kb1 f5
21. Nb5 Rxd5 22. Nc7+ Kf7 23. Nxd5 e6 24. Nc7 Ne7 25. Rc1 Ndc6 26. Rhe1 Nd5 27.
Nxd5 exd5 28. Qb3 Qd7 29. Red1 1-0

[Event "Verbandsliga MV 2014-15"]
[Site "Mecklenburg-Vorpommern"]
[Date "2014.10.26"]
[Round "2.7"]
[White "Onasch, Paul"]
[Black "Fidorra, Thomas"]
[Result "0-1"]
[WhiteElo "1975"]
[BlackElo "1879"]
[PlyCount "98"]
[EventType "team-tourn"]
[EventRounds "9"]
[WhiteTeam "SAV Torgelow-Droegeheide 90"]
[BlackTeam "SG Güstrow/Teterow"]

1. d4 d5 2. Nf3 c6 3. e3 f5 4. c4 e6 5. g3 Nf6 6. Bg2 Bd6 7. O-O O-O 8. b3 Qe7
9. Bb2 Nbd7 10. Ne5 g5 11. Nd2 Bxe5 12. dxe5 Ng4 13. Nf3 Qg7 14. Qe2 Rf7 15.
cxd5 cxd5 16. Nd2 Qh6 17. Nf3 Qh5 18. h3 Ngxe5 19. Nd4 Qxe2 20. Nxe2 Nc6 21.
Rac1 Nf6 22. a3 Bd7 23. b4 a6 24. Rc2 h6 25. Rfc1 Ne8 26. Nd4 Nd6 27. Bf1 Nxd4
28. Bxd4 Bc6 29. Bd3 Rff8 30. Be5 Rfd8 31. f4 Kf7 32. fxg5 hxg5 33. g4 Ne4 34.
Bxe4 dxe4 35. Rf2 Kg6 36. Rc3 Rd1+ 37. Rf1 Rad8 38. Rxd1 Rxd1+ 39. Kf2 Bb5 40.
Rc7 Rf1+ 41. Kg2 Rf3 42. gxf5+ exf5 43. Bd4 Bc6 44. Rg7+ Kh6 45. Bf6 f4 46. h4
fxe3 47. hxg5+ Kh5 48. Rh7+ Kg4 49. g6 Rxf6 0-1

[Event "Verbandsliga MV 2014-15"]
[Site "Mecklenburg-Vorpommern"]
[Date "2014.10.26"]
[Round "2.8"]
[White "Ramp, Oliver"]
[Black "Balz, Christian"]
[Result "1/2-1/2"]
[WhiteElo "1806"]
[BlackElo "1613"]
[PlyCount "84"]
[EventType "team-tourn"]
[EventRounds "9"]
[WhiteTeam "SG Güstrow/Teterow"]
[BlackTeam "SAV Torgelow-Droegeheide 90"]

1. e4 c5 2. Nf3 d6 3. d4 cxd4 4. Nxd4 Nf6 5. Nc3 g6 6. Be3 Bg7 7. f3 O-O 8. Qd2
Nc6 9. g4 Nxd4 10. Bxd4 Be6 11. h4 Qa5 12. h5 Rfc8 13. hxg6 hxg6 14. Be2 Bc4
15. g5 Nh5 16. Bxg7 Kxg7 17. Bxc4 Rxc4 18. Ne2 Qe5 19. O-O-O Rac8 20. c3 b5 21.
Qd5 b4 22. Qxe5+ dxe5 23. b3 R4c7 24. c4 f6 25. Rd5 Rc5 26. Rhd1 Kf7 27. gxf6
Nxf6 28. Rxc5 Rxc5 29. Rd8 Rc7 30. Rb8 a5 31. Rb5 Ra7 32. Rxe5 Ra6 33. Rb5 Nd7
34. Nf4 Rf6 35. Nd5 Rxf3 36. Rxa5 g5 37. Nxb4 g4 38. Rg5 g3 39. Kd1 Kf6 40. Rg8
Ne5 41. Nd5+ Kf7 42. Rg5 e6 1/2-1/2

[Event "Verbandsliga MV 2014-15"]
[Site "Mecklenburg-Vorpommern"]
[Date "2014.11.09"]
[Round "2.1"]
[White "Moeller, Peter"]
[Black "Mehl, Ronald"]
[Result "0-1"]
[WhiteElo "2001"]
[BlackElo "2095"]
[PlyCount "126"]
[EventType "team-tourn"]
[EventRounds "9"]
[WhiteTeam "HSG Uni Rostock"]
[BlackTeam "FHSG Stralsund"]

1. d4 Nf6 2. Bf4 e6 3. e3 c5 4. c3 b6 5. Nd2 cxd4 6. exd4 Bb7 7. Ngf3 Be7 8.
Bd3 O-O 9. Qc2 Nc6 10. Ne4 Nxe4 11. Bxe4 f5 12. Bd3 Rc8 13. Qe2 g5 14. Bc1 g4
15. Nd2 Qc7 16. Nb3 Bf6 17. h3 g3 18. O-O Kh8 19. f4 Ne7 20. Ba6 Bxa6 21. Qxa6
Nd5 22. Rf3 Bh4 23. Bd2 Nf6 24. Be3 d5 25. Nd2 Ne4 26. Nf1 Rg8 27. Bd2 Rg7 28.
Be1 Rcg8 29. a4 Bd8 30. Qd3 Bh4 31. b4 h5 32. a5 Bd8 33. axb6 axb6 34. Qe2 h4
35. Bd2 Bf6 36. Rd3 Qc4 37. Ne3 Qb5 38. Be1 Rh7 39. Nd1 Rc8 40. Rd2 Qxe2 41.
Rxe2 Rhc7 42. Ra6 Rc6 43. Kf1 Bg7 44. Re3 Bh6 45. Rf3 Kg7 46. Ke2 b5 47. Ra5
Nd6 48. Nb2 Kf6 49. Nd3 Rxc3 50. Bxc3 Rxc3 51. Nc5 Rc2+ 52. Kd3 Rxg2 53. Ra6
Ne4 54. Rxe6+ Kf7 55. Ke3 Nc3 56. Rf1 Re2+ 57. Kd3 Rxe6 58. Nxe6 Kxe6 59. Kxc3
Bxf4 60. Rg1 Be3 61. Rg2 f4 62. Re2 Kf6 63. Kd3 Bf2 0-1

[Event "Verbandsliga MV 2014-15"]
[Site "Mecklenburg-Vorpommern"]
[Date "2014.11.09"]
[Round "2.2"]
[White "Hubert, Peter"]
[Black "Kutschke, Peter"]
[Result "1/2-1/2"]
[WhiteElo "1999"]
[BlackElo "1941"]
[PlyCount "124"]
[EventType "team-tourn"]
[EventRounds "9"]
[WhiteTeam "FHSG Stralsund"]
[BlackTeam "HSG Uni Rostock"]

1. Nf3 d5 2. g3 Bf5 3. Bg2 c6 4. O-O h6 5. d3 Nd7 6. Nbd2 Ngf6 7. Re1 e5 8. e4
dxe4 9. dxe4 Be6 10. Qe2 Bc5 11. h3 Qb6 12. Nb3 Be7 13. Nh4 g6 14. Be3 Qc7 15.
c4 a5 16. Rac1 a4 17. Nd2 Nc5 18. Red1 Rd8 19. Bxc5 Bxc5 20. Nf1 O-O 21. Qc2 a3
22. bxa3 Bxa3 23. Rb1 b6 24. Nd2 Kg7 25. Nb3 Rxd1+ 26. Rxd1 Rd8 27. Rxd8 Qxd8
28. Nf3 Qd6 29. Qc3 Nd7 30. Kh2 f6 31. Nfd2 Bb4 32. Qc2 Nc5 33. Bf1 Nxb3 34.
Nxb3 c5 35. Kg2 Qd7 36. g4 h5 37. f3 hxg4 38. hxg4 Be1 39. Qc1 Bh4 40. Qd2
Qxd2+ 41. Nxd2 Be1 42. Nb3 Kh6 43. Na1 Kg5 44. Nc2 Bd2 45. Bd3 Bd7 46. Kf2 Kf4
47. Ke2 Bc1 48. Ne1 Be6 49. Ng2+ Kg3 50. Ne3 Bxe3 51. Kxe3 Bd7 52. Bc2 Be6 53.
Bd3 Bf7 54. Be2 Be8 55. Bd1 Bd7 56. Be2 Ba4 57. Bd3 Bd1 58. Be2 Bc2 59. Bf1 Bb1
60. a3 g5 61. Be2 Kg2 62. Bd1 Kf1 1/2-1/2

[Event "Verbandsliga MV 2014-15"]
[Site "Mecklenburg-Vorpommern"]
[Date "2014.11.09"]
[Round "2.3"]
[White "Giese, Guido"]
[Black "Kohn, Andreas"]
[Result "0-1"]
[WhiteElo "1911"]
[BlackElo "1926"]
[PlyCount "74"]
[EventType "team-tourn"]
[EventRounds "9"]
[WhiteTeam "HSG Uni Rostock"]
[BlackTeam "FHSG Stralsund"]

1. e4 e6 2. d4 d5 3. Nc3 Bb4 4. e5 c5 5. Bd2 a6 6. Nce2 Bxd2+ 7. Qxd2 Nc6 8. f4
Qb6 9. O-O-O c4 10. Nf3 Bd7 11. g4 Nge7 12. Ng3 a5 13. h4 a4 14. a3 Ra5 15. h5
Rb5 16. Qc3 Na5 17. Bh3 O-O 18. f5 Rc8 19. f6 Rb3 20. cxb3 cxb3 21. Qxc8+ Nxc8
22. Kb1 gxf6 23. exf6 Nc4 24. Rhe1 N8d6 25. Bf1 Nb5 26. Bxc4 dxc4 27. Ne5 c3
28. Rd3 c2+ 29. Kc1 Bc6 30. d5 exd5 31. Nxc6 Qxc6 32. Rxd5 h6 33. Rd8+ Kh7 34.
Ree8 Qxf6 35. Rh8+ Qxh8 36. Rxh8+ Kxh8 37. Ne4 Nd4 0-1

[Event "Verbandsliga MV 2014-15"]
[Site "Mecklenburg-Vorpommern"]
[Date "2014.11.09"]
[Round "2.4"]
[White "Kohn, Thomas"]
[Black "Schwetlick, Thomas"]
[Result "1-0"]
[WhiteElo "1886"]
[BlackElo "1853"]
[PlyCount "75"]
[EventType "team-tourn"]
[EventRounds "9"]
[WhiteTeam "FHSG Stralsund"]
[BlackTeam "HSG Uni Rostock"]

1. Nf3 Nf6 2. d4 g6 3. c4 Bg7 4. Nc3 O-O 5. e4 d6 6. Be2 e5 7. d5 a5 8. O-O Na6
9. Ne1 Nd7 10. f3 f5 11. Be3 f4 12. Bf2 Ndc5 13. Nd3 Qg5 14. Re1 Nxd3 15. Qxd3
h5 16. Kh1 Qh6 17. c5 g5 18. cxd6 cxd6 19. Rac1 g4 20. Qd1 Qg5 21. Nb5 Rf6 22.
Nc7 Nxc7 23. Rxc7 g3 24. Bg1 Rg6 25. Bf1 h4 26. Qa4 Bh3 27. Re2 Qh5 28. Qb3
Bxg2+ 29. Bxg2 h3 30. Bf1 Bf6 31. Qc3 Bd8 32. Rxb7 Bh4 33. Bxh3 gxh2 34. Bxh2
Bg3 35. Bg4 Qh4 36. Qc7 Bxh2 37. Qf7+ Kh8 38. Rxh2 1-0

[Event "Verbandsliga MV 2014-15"]
[Site "Mecklenburg-Vorpommern"]
[Date "2014.11.09"]
[Round "2.5"]
[White "Sager, Bernd"]
[Black "Manke, Karsten"]
[Result "1/2-1/2"]
[WhiteElo "1697"]
[BlackElo "1781"]
[PlyCount "22"]
[EventType "team-tourn"]
[EventRounds "9"]
[WhiteTeam "HSG Uni Rostock"]
[BlackTeam "FHSG Stralsund"]

1. e4 e5 2. Nf3 Nc6 3. Bc4 Bc5 4. d3 Nf6 5. Bg5 O-O 6. O-O Be7 7. c3 d6 8. Nbd2
Bg4 9. h3 Bh5 10. b4 a6 11. a4 Nd7 1/2-1/2